Olympic Host Cities - Statistics

General Stats
  • This quiz has been taken 256 times
  • The average score is 33 of 49
Answer Stats
Hint Answer % Correct
2012 London
98%
1948 London
98%
1908 London
98%
2004 Athens
96%
1896 Athens
96%
2008 Beijing
95%
1924 Paris
93%
1900 Paris
93%
1996 Atlanta
89%
1936 Berlin
89%
1980 Moscow
89%
1984 Los Angeles
87%
1932 Los Angeles
87%
2000 Sydney
86%
1992 Barcelona
84%
2014 Sochi
83%
1972 Munich
82%
1960 Rome
82%
1964 Tokyo
82%
1988 Seoul
81%
2002 Salt Lake City
80%
1976 Montreal
77%
2006 Turin
74%
1968 Mexico City
73%
1912 Stockholm
73%
1952 Helsinki
70%
1952 Oslo
69%
2010 Vancouver
69%
1928 Amsterdam
67%
1956 Melbourne
60%
1980 Lake Placid
58%
1932 Lake Placid
58%
1998 Nagano
58%
1988 Calgary
55%
1994 Lillehammer
55%
1904 St. Louis
55%
1984 Sarajevo
52%
1920 Antwerp
50%
1992 Albertville
45%
1976 Innsbruck
45%
1964 Innsbruck
45%
1972 Sapporo
35%
1960 Squaw Valley
35%
1948 St. Moritz
35%
1928 St. Moritz
35%
1924 Chamonix
33%
1968 Grenoble
30%
1936 Garmisch-Partenkirchen
28%
1956 Cortina d'Ampezzo
23%
No matching quizzes found
Score Distribution
Percent of People with Each Score
Percentile by Number Answered
Your Score History
You have not taken this quiz